Places To Study

There are group study rooms, individual study carrels, computer labs, and other spaces to study in the Libraries.

Reserve A Group Room

Online Resources

Access thousands of eBooks, audiobooks, and online journals from the comfort of your home.

Explore Resources

Events and Workshops

Join our upcoming events and workshops to enhance your skills and knowledge.

View Events

အခြေပြုပဋ္ဌာန်း တရားတော် / (Record no. 2734)

MARC details
000 -LEADER
fixed length control field 00832nam a22001937a 4500
003 - CONTROL NUMBER IDENTIFIER
control field OSt
005 - DATE AND TIME OF LATEST TRANSACTION
control field 20251216142044.0
008 - FIXED-LENGTH DATA ELEMENTS--GENERAL INFORMATION
fixed length control field 251216b |||||||| |||| 00| 0 eng d
040 ## - CATALOGING SOURCE
Transcribing agency DCL
082 ## - DEWEY DECIMAL CLASSIFICATION NUMBER
Classification number ၂၉၄.၃၈၂၄၇
100 0# - MAIN ENTRY--PERSONAL NAME
Personal name ဇနကာဘိဝံသ၊
Titles and words associated with a name အရှင်။
245 10 - TITLE STATEMENT
Title အခြေပြုပဋ္ဌာန်း တရားတော် /
Statement of responsibility, etc. အရှင်ဇနကာဘိဝံသ။
250 ## - EDITION STATEMENT
Edition statement ဆဋ္ဌမအကြိမ်။
260 ## - PUBLICATION, DISTRIBUTION, ETC.
Place of publication, distribution, etc. အမရပူရ ၊
Name of publisher, distributor, etc. မဟာဂန္ဓာရုံစာပေ၊
Date of publication, distribution, etc. ၂၀၀၆။
300 ## - PHYSICAL DESCRIPTION
Extent ငါ၊ ၅၅၃ စာမျက်နှာ ၊
Dimensions ၂၀ စင်တီ။
650 ## - SUBJECT ADDED ENTRY--TOPICAL TERM
Topical term or geographic name entry element ပဋ္ဌာန်း
650 ## - SUBJECT ADDED ENTRY--TOPICAL TERM
Topical term or geographic name entry element ဗုဒ္ဓဘာသာ
General subdivision တရားတော်။
942 ## - ADDED ENTRY ELEMENTS (KOHA)
Source of classification or shelving scheme Dewey Decimal Classification
Koha item type Short Term
Suppress in OPAC No
Holdings
Withdrawn status Lost status Source of classification or shelving scheme Damaged status Not for loan Collection Accession No. Home library Current library Shelving location Date acquired Total checkouts Full call number Barcode Date last seen Price effective from Koha item type
    Dewey Decimal Classification     Myanmar Collection ၃၉၃ Dhammadhara Dhammadhara Myanmar Shelves 16/12/2025   ၂၉၄.၃၈၂၄၇ ဇ ၃၉၃ MB00000393 16/12/2025 16/12/2025 Short Term